Представление документа в формате RUSMARC

ПолеНазваниеЗначение
  Тип записи a
  Библиографический уровень m
001 Контрольный номер RU/IS/BASE/349356603
005 Дата корректировки 20230523124613.9
010 Индекс ISBN __
d Цена 100-00
101 Язык документа 0_
a Язык текста rus
200 Заглавие и сведения об ответственности 1_
a Заглавие Благодарные ученики
e Сведения, относящиеся к заглавию для тех, кто помнит своих наставников
f Первые сведения об ответственности [науч. рук. проекта Волосникова Е. А.]
b Общее обозначение материала Текст
210 Выходные данные 1_
a Место издания Сургут
c Издательство Винчера
d Дата издания 2010
215 Физическое описание __
a Объем 122 с.
300 Общие примечания __
a Общие примечания Обязат. экз.
a Общие примечания В рамках проекта "Сургут: реальность и мечта" под эгидой мест. отд. всерос. полит. партии "Единая Россия" г. Сургута при поддержке рег. отд. всерос. полит. партии "Единая Россия" за счет фин. средств Председателя Комиссии по эконом. политике, рег. развитию и природопользованию Думы ХМАО-Югра Сидорова А. Н.
a Общие примечания Полнотекстовая версия доступна для зарегистрированных читателей в базе данных "Оцифрованные краеведческие издания"
330 Аннотация __
a Аннотация Книга благодарных учеников, выходящая в свет благодаря совместному социальному проекту Сургутского государственного педагогического университета и политической партии "Единая Россия", дает счастливую возможность вернуть этот долг души нашим любимым учителям. Пусть через слова благодарности учеников их любящие, мудрые сердца сполна получат энергию добра и любви.
456 Перепечатано в ... __
1 00114eb62eef096480496777276540fae4c
1 2001
a Благодарные ученики
e для тех, кто помнит своих наставников : [цифровая копия]
f научный руководитель проекта Волосникова Е. А.
1 2101
a Сургут
c Винчера
d 2010
1 215
a 1 файл (47,7 Мб)
c pdf
1 300
a Цифровая копия в формате pdf
1 300
a Заглавие с этикетки диска
1 300
a Оригинал цифровой копии: Благодарные ученики : для тех, кто помнит своих наставников / [науч. рук. проекта Волосникова Е. А.]. - Сургут : Винчера, 2010. - 122 с. - Текст : непосредственный.
600 Персоналии _1
a Персоналии (Фамилия) Ушаева, А. А.
600 Персоналии _1
a Персоналии (Фамилия) Бесперстова, Т. Д.
600 Персоналии _1
a Персоналии (Фамилия) Дьякова, В. А.
600 Персоналии _1
a Персоналии (Фамилия) Глушков, И. Г.
600 Персоналии _1
a Персоналии (Фамилия) Лютый, В. И.
600 Персоналии _1
a Персоналии (Фамилия) Мальцева, И. В.
600 Персоналии _1
a Персоналии (Фамилия) Надулишняк, М. Д.
600 Персоналии _1
a Персоналии (Фамилия) Коваль, Е. С.
600 Персоналии _1
a Персоналии (Фамилия) Кондакова, Л. А.
600 Персоналии _1
a Персоналии (Фамилия) Засыпкина, Л. Н.
600 Персоналии _1
a Персоналии (Фамилия) Трофимова, З. Х.
600 Персоналии _1
a Персоналии (Фамилия) Горда, Л. А.
600 Персоналии _1
a Персоналии (Фамилия) Малиновская, Н. Ф.
600 Персоналии _1
a Персоналии (Фамилия) Мисюля, Г. В.
600 Персоналии _1
a Персоналии (Фамилия) Маликов, В. А.
600 Персоналии _1
a Персоналии (Фамилия) Лемешева, И. В.
600 Персоналии _1
a Персоналии (Фамилия) Кушникова, Г. И.
600 Персоналии _1
a Персоналии (Фамилия) Корчак, Е. В.
600 Персоналии _1
a Персоналии (Фамилия) Зорина, О. Л.
600 Персоналии _1
a Персоналии (Фамилия) Варенюк, В. А.
600 Персоналии _1
a Персоналии (Фамилия) Шестопалова, О. А.
600 Персоналии _1
a Персоналии (Фамилия) Ларионова, Л. Н.
600 Персоналии _1
a Персоналии (Фамилия) Буланова, Н. П.
600 Персоналии _1
a Персоналии (Фамилия) Шушпанова, Р. М.
600 Персоналии _1
a Персоналии (Фамилия) Гапонова, Н. И.
600 Персоналии _1
a Персоналии (Фамилия) Баранчук, Е. А.
600 Персоналии _1
a Персоналии (Фамилия) Редекульцева, Н. Г.
600 Персоналии _1
a Персоналии (Фамилия) Бикбулатова, Л. Г.
600 Персоналии _1
a Персоналии (Фамилия) Малиновская, В. Н.
600 Персоналии _1
a Персоналии (Фамилия) Миронова, Н. В.
600 Персоналии _1
a Персоналии (Фамилия) Андреева, А. А.
600 Персоналии _1
a Персоналии (Фамилия) Мальцева, Л. С.
600 Персоналии _1
a Персоналии (Фамилия) Стихнина, И. П.
600 Персоналии _1
a Персоналии (Фамилия) Вахрамеев, А. А.
606 Тематические рубрики __
a Основная рубрика Образование. Педагогика
606 Тематические рубрики __
a Основная рубрика История образования
610 Ключевые слова 0_
a Ключевые слова учителя; персоналии; воспитатели; директора школ; заведующие детскими садами; образовательная деятельность; биографии; краеведение
686 Индексы других классификаций __
a Классификационный индекс К74.03(2)6
702 Вторичная интеллектуальная ответственность _1
a Фамилия Волосникова
b Имя Е. А.
4 Код отношения Редактор
4 Код отношения 340
801 Источник записи _0
a Страна RU
b Организация Муниципальное бюджетное учреждение культуры "Централизованная библиотечная система" г. Сургут (Центральная городская библиотека им. А. С. Пушкина)
g Правила каталогизации КиК/Елгина
801 Источник записи _1
a Страна RU
b Организация Муниципальное бюджетное учреждение культуры "Централизованная библиотечная система" г. Сургут (Центральная городская библиотека им. А. С. Пушкина)
g Правила каталогизации КиК/Елгина
852 Данные о местонахождении __
j Шифр хранения К74.03(2)6
i Авторский знак Б 68
901 Тип документа __
t Тип документа m
903 Характеристики (МАРС) __
a Дата передачи 20110126
990 Данные о заказе (DOS) __
j Количество экземпляров (DOS) 2
h N записи в КСУ для Б/У (DOS) 201102